000
00402nam a22001697a 4500
003
MPLRDC
005
20220104114318.0
008
210129b ||||| |||| 00| 0 eng d
082
_a
782.22 CSH
100
_a
陈淑慧 编
245
_a
楚楚佳人
_c
260
_a
_b
将门文物出版社
_c
1986
300
_b
平
490
_a
真善美书系
650
_a
中国传记
942
_c
BK
_o
782.22 CSH
999
_c
6504
_d
6494